[Event "Bayern-chI Bank Hofmann 21st"]
[Site "Tegernsee"]
[Date "2017.10.28"]
[Round "1"]
[White "Scheckenbach, Franz"]
[Black "Zajogin, Alexander"]
[Result "0-1"]
[WhiteElo "2095"]
[BlackElo "2409"]
[PlyCount "184"]
[EventDate "2017.10.28"]
[EventType "swiss"]
[EventRounds "9"]
[EventCountry "GER"]
[SourceTitle "CBM 181 Extra"]
[Source "ChessBase"]
[SourceDate "2017.12.12"]
[SourceVersion "1"]
[SourceVersionDate "2017.12.12"]
[SourceQuality "1"]

1. e4 e5 2. Nf3 Nc6 3. Bb5 a6 4. Ba4 d6 5. a3 Bd7 6. 0-0 Nf6 7. d3 Be7 8. c4 0-0 9. Nc3 Bg4 10. Be3 Nd4 11. Bxd4 exd4 12. Nd5 c6 13. Nxf6+ Bxf6 14. h3 Bxf3 15. Qxf3 Qa5 16. Qd1 g6 17. f4 Bg7 18. b4 Qc7 19. c5 dxc5 20. bxc5 Qa5 21. Rc1 Rad8 22. Rc4 Bh6 23. Qc2 Rfe8 24. Bb3 Bf8 25. a4 Be7 26. Kh1 Kg7 27. Qc1 f5 28. exf5 gxf5 29. Qd1 Bf6 30. Qh5 Re1 31. Rc1 Rxf1+ 32. Rxf1 Rf8 33. Qxf5 Kh8 34. Kh2 Bg7 35. Qg5 Bf6 36. Qf5 Be7 37. Qe5+ Bf6 38. Qd6 Bg7 39. f5 Rf6 40. Be6 Qd2 41. Qxd4 Qe2 42. Qf2 Qxd3 43. Qf3 Qd4 44. Rb1 Qxc5 45. Rxb7 Rf8 46. Rb1 Be5+ 47. Kh1 Qc2 48. Re1 Bf6 49. Qb3 Qf2 50. Qe3 Qh4 51. Qe4 Qf2 52. Qe3 Qh4 53. Bb3 c5 54. Qe6 Qf2 55. Bc4 a5 56. Rf1 Qh4 57. Qd6 Be7 58. Qe5+ Qf6 59. Qxf6+ Bxf6 60. Rb1 Be5 61. g4 Rb8 62. Re1 Bf6 63. Re6 Kg7 64. Rc6 Rb4 65. Bb5 Rb1+ 66. Kg2 Rb2+ 67. Kg3 Rb3+ 68. Kg2 Rb2+ 69. Kf3 Rb3+ 70. Kf4 Rxh3 71. Rxc5 h6 72. Rc7+ Kf8 73. Bc4 Bg5+ 74. Ke4 Re3+ 75. Kd4 Rg3 76. Kc5 Rxg4 77. f6 Re4 78. Rh7 Ke8 79. Rh8+ Kd7 80. Bb5+ Kc7 81. Rh7+ Kd8 82. Rh8+ Kc7 83. f7 Be7+ 84. Kd5 Rf4 85. Ke6 Bb4 86. Rxh6 Re4+ 87. Kf5 Rd4 88. Rh8 Rd2 89. Be8 Rf2+ 90. Ke6 Kd8 91. Rh5 Rf6+ 92. Kd5 Rf4 0-1

[Event "Landesliga Sued 1718"]
[Site "Bayern"]
[Date "2017.10.22"]
[Round "1.6"]
[White "Scheckenbach, Franz"]
[Black "Wolf, Armin"]
[Result "1-0"]
[WhiteElo "2033"]
[BlackElo "2081"]
[PlyCount "99"]
[EventDate "2017.10.22"]
[EventType "team-tourn"]
[EventRounds "9"]
[EventCountry "GER"]
[SourceTitle "EXT 2022"]
[Source "ChessBase"]
[SourceDate "2021.10.06"]
[SourceVersion "1"]
[SourceVersionDate "2021.10.06"]
[SourceQuality "1"]
[WhiteTeam "Groebenzell"]
[BlackTeam "Haunstetten TSV"]
[WhiteTeamCountry "GER"]
[BlackTeamCountry "GER"]

1. e4 e6 2. d4 d5 3. Nc3 dxe4 4. Nxe4 Bd7 5. Nf3 Bc6 6. Ned2 Nf6 7. Bd3 Be7 8. 0-0 0-0 9. c4 a5 10. Qe2 Re8 11. Re1 Bf8 12. h3 g6 13. Ne4 Nxe4 14. Bxe4 Bxe4 15. Qxe4 Nc6 16. Bg5 Be7 17. Bh6 Bf8 18. Bg5 Be7 19. Bh6 Bf8 20. Bxf8 Kxf8 21. Rad1 Qd6 22. Qh4 Kg7 23. Ne5 Nxe5 24. dxe5 Qe7 25. Qe4 b6 26. Rd3 Rad8 27. Red1 Rxd3 28. Qxd3 Qc5 29. Qe4 f6 30. Rd7+ Re7 31. exf6+ Kxf6 32. Qh4+ Kf7 33. Qxh7+ Ke8 34. Rxe7+ Qxe7 35. Qxg6+ Kd7 36. Qe4 Qb4 37. Qd4+ Ke7 38. h4 Qe1+ 39. Kh2 Qe2 40. f3 e5 41. Qc3 Kd6 42. a3 a4 43. Qb4+ Ke6 44. Qxa4 Qxb2 45. Qc6+ Kf5 46. h5 Qf2 47. Kh3 Qf1 48. Qg6+ Kf4 49. Qe4+ Kg5 50. Qxe5+ 1-0

[Event "Landesliga Sued 1617"]
[Site "Bayern"]
[Date "2017.04.30"]
[Round "9.6"]
[White "Scheckenbach, Franz"]
[Black "Behling, Robert"]
[Result "0-1"]
[WhiteElo "2049"]
[BlackElo "2064"]
[PlyCount "118"]
[EventDate "2016.10.16"]
[EventType "team-tourn"]
[EventRounds "9"]
[EventCountry "GER"]
[SourceTitle "EXT 2019"]
[Source "ChessBase"]
[SourceDate "2018.10.10"]
[SourceVersion "1"]
[SourceVersionDate "2018.10.10"]
[SourceQuality "1"]
[WhiteTeam "Groebenzell"]
[BlackTeam "Haunstetten"]
[WhiteTeamCountry "GER"]
[BlackTeamCountry "GER"]

1. e4 c6 2. d4 d5 3. Nc3 dxe4 4. Nxe4 Bf5 5. Ng3 Bg6 6. h4 h6 7. Nf3 Nd7 8. h5 Bh7 9. Bd3 Bxd3 10. Qxd3 e6 11. Bd2 Ngf6 12. 0-0-0 Be7 13. Qe2 c5 14. Rhe1 0-0 15. Kb1 Qb6 16. dxc5 Bxc5 17. Be3 Rfd8 18. Rd3 Bxe3 19. Qxe3 Qxe3 20. Rdxe3 Nd5 21. Re4 N7f6 22. Rd4 b5 23. c3 Kf8 24. Red1 Rdc8 25. Ne5 Rc7 26. R1d2 Rac8 27. Rd1 Ke7 28. R1d3 Nb6 29. Ng4 Nbd7 30. Nxf6 Nxf6 31. Re3 Rc5 32. Red3 R8c7 33. Rh4 Re5 34. Kc2 Rcc5 35. Rhd4 Re1 36. f4 Rg1 37. Rd2 Rd5 38. f5 Rxd4 39. cxd4 Nd5 40. fxe6 fxe6 41. Kb3 Nf4 42. Kb4 Nxg2 43. Kxb5 Nf4 44. Rf2 Rxg3 45. Rxf4 Rg5+ 46. Ka6 Rxh5 47. b4 g5 48. Rf1 g4 49. a4 Rd5 50. Kxa7 Rxd4 51. Rb1 h5 52. a5 h4 53. b5 g3 54. b6 g2 55. b7 Rd8 56. Rc1 h3 57. Rc7+ Kf6 58. Rc8 g1Q+ 59. Ka8 Rd7 0-1

[Event "Karlsruhe Grenke op"]
[Site "Karlsruhe"]
[Date "2017.04.13"]
[Round "1"]
[White "Moussard, Jules"]
[Black "Scheckenbach, Franz"]
[Result "1-0"]
[WhiteElo "2573"]
[BlackElo "2126"]
[PlyCount "83"]
[EventDate "2017.04.13"]
[EventType "swiss"]
[EventRounds "9"]
[EventCountry "GER"]
[SourceTitle "CBM 177 Extra"]
[Source "ChessBase"]
[SourceDate "2017.04.27"]
[SourceVersion "1"]
[SourceVersionDate "2017.04.27"]
[SourceQuality "1"]

1. Nf3 e6 2. g3 d5 3. Bg2 c5 4. 0-0 Nc6 5. d4 cxd4 6. Nxd4 Qb6 7. Nb3 Nf6 8. a4 Be7 9. Nc3 a5 10. Nb5 0-0 11. c3 h6 12. Be3 Qd8 13. Qc1 Ng4 14. Rd1 Nxe3 15. Qxe3 Bf6 16. f4 Re8 17. Qf2 Qe7 18. e4 dxe4 19. Bxe4 e5 20. f5 Rd8 21. Kg2 Qf8 22. Nd2 Be7 23. Nc4 Bc5 24. Rxd8 Nxd8 25. Qd2 Nc6 26. Rd1 Ne7 27. Qd3 f6 28. Ncd6 Bxd6 29. Nxd6 Rb8 30. Qc4+ Kh7 31. Qc7 Ra8 32. g4 Ra6 33. Nxc8 Qxc8 34. Qxc8 Nxc8 35. Bxb7 Rd6 36. Rxd6 Nxd6 37. Bd5 h5 38. b4 hxg4 39. bxa5 Nc8 40. Kg3 g6 41. Kxg4 gxf5+ 42. Kxf5 1-0

[Event "Landesliga Sued 1617"]
[Site "Bayern"]
[Date "2017.02.05"]
[Round "5.7"]
[White "Scheckenbach, Franz"]
[Black "Walch, Ingo"]
[Result "1/2-1/2"]
[WhiteElo "2049"]
[BlackElo "2026"]
[PlyCount "131"]
[EventDate "2016.10.16"]
[EventType "team-tourn"]
[EventRounds "9"]
[EventCountry "GER"]
[SourceTitle "EXT 2019"]
[Source "ChessBase"]
[SourceDate "2018.10.10"]
[SourceVersion "1"]
[SourceVersionDate "2018.10.10"]
[SourceQuality "1"]
[WhiteTeam "Groebenzell"]
[BlackTeam "Rottal"]
[WhiteTeamCountry "GER"]
[BlackTeamCountry "GER"]

1. d4 d6 2. e4 Nf6 3. Nc3 e5 4. Nf3 Nbd7 5. Bc4 Be7 6. a4 c6 7. 0-0 0-0 8. h3 Qc7 9. Ba2 b6 10. Qe2 Bb7 11. dxe5 dxe5 12. Nh4 Bb4 13. Bg5 Bxc3 14. bxc3 c5 15. f3 g6 16. Bc4 Nh5 17. Kh2 Rfe8 18. g3 Bc6 19. Ng2 Nf8 20. Ne3 Ne6 21. Bh6 Nf6 22. Ng4 Nxg4+ 23. hxg4 Rad8 24. Kg2 Qd7 25. Rfd1 Qc7 26. Rh1 Rd6 27. Be3 Qd7 28. Bb5 Rd8 29. Kf2 Ng7 30. Bxc6 Qxc6 31. Qc4 Ne6 32. Rae1 Qd7 33. Rb1 Nc7 34. g5 Ne6 35. Rh4 Qe7 36. Rg4 R8d7 37. Rh1 Qd8 38. f4 exf4 39. gxf4 Rd1 40. Rxd1 Rxd1 41. f5 Nf8 42. a5 Nd7 43. Rg1 Rxg1 44. Kxg1 Ne5 45. Qe2 gxf5 46. exf5 Qd5 47. f6 Qe4 48. axb6 axb6 49. Kf1 Ng4 50. Bg1 Qf4+ 51. Kg2 Ne5 52. Be3 Qe4+ 53. Kf1 Ng6 54. Qd2 Nf8 55. Qd3 Qg4 56. Ke1 Ne6 57. Qd5 Qa4 58. Kd2 Qh4 59. Qa8+ Nf8 60. Qd5 Ne6 61. Qa8+ Nf8 62. Qd5 Qh2+ 63. Kc1 Qe2 64. Qd3 Qf3 65. Kd2 Qc6 66. Qd8 1/2-1/2

[Event "Regionalliga SO 1617"]
[Site "Bayern"]
[Date "2016.12.04"]
[Round "3.4"]
[White "Scheckenbach, Franz"]
[Black "Strangmueller, Andreas"]
[Result "1-0"]
[WhiteElo "2049"]
[BlackElo "1891"]
[PlyCount "65"]
[EventDate "2016.10.16"]
[EventType "team-tourn"]
[EventRounds "9"]
[EventCountry "GER"]
[SourceTitle "EXT 2019"]
[Source "ChessBase"]
[SourceDate "2018.10.10"]
[SourceVersion "1"]
[SourceVersionDate "2018.10.10"]
[SourceQuality "1"]
[WhiteTeam "Groebenzell II"]
[BlackTeam "Landshut"]
[WhiteTeamCountry "GER"]
[BlackTeamCountry "GER"]

1. e4 e6 2. d4 d5 3. Nc3 Bb4 4. e5 c5 5. Bd2 Ne7 6. f4 Nf5 7. Nf3 cxd4 8. Nb5 Bc5 9. Bd3 Nc6 10. Rb1 a6 11. b4 Be7 12. Bxf5 exf5 13. Nbxd4 Nxd4 14. Nxd4 Qb6 15. c3 0-0 16. 0-0 f6 17. Qf3 Rd8 18. e6 Qc7 19. Rfe1 g6 20. Qg3 Kh8 21. a4 b5 22. axb5 axb5 23. Nxb5 Qc4 24. Nd4 Ra2 25. Qe3 Bb7 26. h4 Ra6 27. Ra1 Rda8 28. Rxa6 Rxa6 29. h5 Bc8 30. hxg6 hxg6 31. Qh3+ Kg7 32. Re3 Ra1+ 33. Kh2 1-0

[Event "Oberliga Bayern 1516"]
[Site "Bayern"]
[Date "2016.03.13"]
[Round "8.8"]
[White "Scheckenbach, Franz"]
[Black "Seidenschwarz, Holger"]
[Result "1-0"]
[WhiteElo "2097"]
[BlackElo "1957"]
[PlyCount "47"]
[EventDate "2015.10.11"]
[EventType "team-tourn"]
[EventRounds "9"]
[EventCountry "GER"]
[SourceTitle "EXT 2018"]
[Source "ChessBase"]
[SourceDate "2017.10.13"]
[SourceVersion "1"]
[SourceVersionDate "2017.10.13"]
[SourceQuality "1"]
[WhiteTeam "Groebenzell"]
[BlackTeam "Kelheim"]
[WhiteTeamCountry "GER"]
[BlackTeamCountry "GER"]

1. e4 e5 2. Nf3 Nc6 3. Bc4 Bc5 4. c3 Nf6 5. d3 a6 6. Bb3 Ba7 7. Nbd2 d6 8. h3 0-0 9. Nf1 Be6 10. Ng3 h6 11. Nh2 d5 12. Qf3 dxe4 13. dxe4 Na5 14. Bc2 Qe7 15. Ng4 Nxg4 16. hxg4 Qd7 17. Nf5 Bxf5 18. gxf5 Qd6 19. Bxh6 Rfd8 20. Qg3 g6 21. Bg5 f6 22. Qh4 gxf5 23. Qh8+ Kf7 24. Rh7+ 1-0

[Event "Oberliga Bayern 1516"]
[Site "Bayern"]
[Date "2016.02.21"]
[Round "7.8"]
[White "Werner, Claus"]
[Black "Scheckenbach, Franz"]
[Result "1/2-1/2"]
[WhiteElo "2166"]
[BlackElo "2097"]
[PlyCount "87"]
[EventDate "2015.10.11"]
[EventType "team-tourn"]
[EventRounds "9"]
[EventCountry "GER"]
[SourceTitle "EXT 2018"]
[Source "ChessBase"]
[SourceDate "2017.10.13"]
[SourceVersion "1"]
[SourceVersionDate "2017.10.13"]
[SourceQuality "1"]
[WhiteTeam "Regensburg Post/Sued"]
[BlackTeam "Groebenzell"]
[WhiteTeamCountry "GER"]
[BlackTeamCountry "GER"]

1. e4 c5 2. Nf3 d6 3. d4 cxd4 4. Nxd4 Nf6 5. Nc3 a6 6. g3 g6 7. Bg2 Bg7 8. 0-0 0-0 9. a4 Nbd7 10. Ra2 Rb8 11. h3 Nc5 12. Re1 e5 13. Nde2 Be6 14. b3 b5 15. axb5 axb5 16. Bg5 b4 17. Nd5 Bxd5 18. exd5 Qc7 19. Nc1 h6 20. Be3 Nfe4 21. Bxe4 Nxe4 22. Ra7 Qc8 23. Kg2 Nc3 24. Qd2 Rb5 25. Bxh6 Rxd5 26. Qe3 Qc6 27. Kg1 Nd1 28. Qe2 Bxh6 29. Rxd1 Rxd1+ 30. Qxd1 e4 31. Ne2 e3 32. f4 Qf3 33. Qf1 Qe4 34. Rc7 Qd5 35. Rc4 Qd2 36. Qf3 Re8 37. h4 Bg7 38. h5 d5 39. Rc7 gxh5 40. Qxh5 Qe1+ 41. Kh2 Qf2+ 42. Kh1 Qe1+ 43. Kh2 Qf2+ 44. Kh1 1/2-1/2